| 000 | 00585nam a2200193 i 4500 | ||
|---|---|---|---|
| 001 | 110263 | ||
| 003 | ES-MaACL | ||
| 005 | 20250827062620.0 | ||
| 007 | t| | ||
| 008 | 061121s1972 sp l |||| | spa d | ||
| 110 | 1 |
_aEspaña _93622 |
|
| 240 | 1 | 0 | _aLeyes, etc., laborales |
| 245 | 1 | 0 |
_aOrdenanza textil _b: Ordenanza laboral de 7 de febrero de 1972. |
| 260 |
_aMadrid : _bGarcía Enciso, _c1972. |
||
| 300 |
_a306 p. ; _c15 cm. |
||
| 650 | 4 |
_aTrabajadores de la industria textil- _xEstatuto jurídico- _zEspaña. _9165911 |
|
| 852 |
_aES-MaACL _jC-43940 |
||
| 999 |
_c110263 _d110263 |
||